Vortex dynamics and vortex methods
Αποθηκεύτηκε σε:
| Συλλογικό Έργο: | , , |
|---|---|
| Άλλοι συγγραφείς: | , |
| Μορφή: | Πρακτικό Συνεδρίου Βιβλίο |
| Γλώσσα: | English |
| Δημοσίευση: |
Providence, R.I. :
American Mathematical Society,
c1991.
|
| Σειρά: | Lectures in applied mathematics ;
28 |
| Θέματα: | |
| Ετικέτες: |
Προσθήκη ετικέτας
Δεν υπάρχουν, Καταχωρήστε ετικέτα πρώτοι!
|
MARC
| LEADER | 00000cam a2200000 i 4500 | ||
|---|---|---|---|
| 001 | 1/45123 | ||
| 008 | 941103s1991 riu| ||| |||| ||eng|| | ||
| 020 | |a 0821811355 | ||
| 035 | |a 1993 |l 10042457 | ||
| 040 | |a GR-MyUA |b gre |e AACR2 | ||
| 041 | 0 | |a eng | |
| 082 | 7 | |a 532.0595 |2 (22) | |
| 245 | 0 | 0 | |a Vortex dynamics and vortex methods / |c Christopher R. Anderson, Claude Greengard, editors. |
| 260 | |a Providence, R.I. : |b American Mathematical Society, |c c1991. | ||
| 300 | |a 751 σ. ; |c 26 εκ. | ||
| 490 | 1 | |a (Lectures in applied mathematics ; |v 28) | |
| 500 | |a The Twenty-first AMS-SIAM Summer Seminar in Applied Mathematics was held in Seatle at the University of Washington, from June 18 to June 29, 1990. | ||
| 504 | |a Περιέχει βιβλιογραφικές αναφορές. | ||
| 650 | 0 | |a Vortex-motion |x Congresses. | |
| 700 | 1 | |a Anderson, Christopher Radcliff, |e edt | |
| 700 | 1 | |a Greengard, C. |q (Claude) |e edt | |
| 710 | 2 | |a American Mathematical Society. | |
| 710 | 2 | |a Society for Industrial and Applied Mathematics. | |
| 711 | 2 | |a Summer Seminar on Vortex Dynamics and Vortex Methods |d (1990 : |c University of Washington) | |
| 830 | 0 | |a Lectures in applied mathematics ; |v 28 | |
| 852 | |a INST |b SAMOS |e 19941103 |h 532.0595 AMS |p 005300007292 |q 005300007292 |t BK |y 0 | ||